01136nam a2200265 a 4500001001000000003000900010005001700019007000300036008004100039040002500080082001000105100002600115245013300141260004100274300002000315500006200335504003100397590002700428600005200455942001300507952009600520952010200616952013500718999001700853000028026DO-SdBNP20250307073710.0ta110406s1994 dr 000 0 spa d aDO-SdBNPbspacBNPHU 4bD963p1 aDurán, Diony92453713aEl proyecto utópico de Pedro Henríquez Ureña:bferia nacional del libro Pedro Henríquez Ureña, 1992. /cDiony Durán. aSanto Domingo :bEditora ONAP,c1994 a20 p. ;c22 cm. aFeria nacional del libro Pedro Henríquez Ureña, 1992. aBibliografía: p. 19 - 20 aInventariado 2023 / MF10aHenríquez Ureña, Pedro,d1884-1946 91718 2ddccLF2 00102ddc51708PDaBNPHUbBNPHUcCTd2011-04-06o p28026-10r2020-06-25w2020-06-25yLF2 00102ddc51708PDaBNPHUbBNPHUcCTd2011-04-06o p28026-20r2020-06-25te. 2w2020-06-25yLF2 00102ddc56708DSaBNPHUbBNPHUcCTd2019-09-20eDonado por Editora ONAPl0oD963pp2023-0369r2023-01-23te.3w2023-01-23yLF2 c27518d27518